| 000 | 00682nam a22002292 4500 | ||
|---|---|---|---|
| 001 | 0000005145 | ||
| 005 | 20151217151953.0 | ||
| 008 | 070607s xx 000 0 eng d | ||
| 020 |
_a0130482218 : _cGBP 42.29 |
||
| 040 |
_aKABU _cKABU |
||
| 050 | 0 |
_aTH145 _b.N86 2004 |
|
| 100 | 1 |
_aNunnally, S. W. _@0000156270 |
|
| 245 | 1 | 0 | _aConstruction methods and management. |
| 250 | _a6th ed. | ||
| 260 |
_aUpper Saddle River, NJ : _bPearson Prentice Hall, _c2004. |
||
| 300 | _ax, 563 p. | ||
| 650 | 0 |
_aBuilding. _@0000156271 |
|
| 650 | 0 |
_aConstruction industry _xManagement. _@0000156272 |
|
| 908 | _a070607 | ||
| 950 | _@1 | ||
| 999 |
_c6867 _d6867 |
||